[Event "Slav Thematic"]
[Site "SchemingMind.com"]
[Date "2020.06.01"]
[Round "-"]
[White "Wojtek26"]
[Black "David Connolly"]
[Result "0-1"]
[WhiteCountry "POL"]
[BlackCountry "WLS"]
[WhiteElo "1644"]
[WhiteRD "61"]
[BlackElo "2119"]
[BlackRD "78"]
[GameID "455858"]

1. d4 d5 2. c4 c6 3. e3 Nf6 4. Nf3 Bf5 5. Be2 e6 6. O-O Bd6 7. Nbd2 h6 8. a3 Nbd7 9. c5 Bc7 10. b4 O-O
11. Bb2 Qe7 12. Rb1 Bxb1 13. Qxb1 e5 14. dxe5 Nxe5 15. Nxe5 Bxe5 16. Bxe5 Qxe5 17. Nf3 Qe7 18. Qf5 a5 19. bxa5 Rxa5 20. Ne5 Re8
21. Nd3 d4 22. h3 dxe3 23. fxe3 Qxe3+
0-1

[Event "Slav Thematic"]
[Site "SchemingMind.com"]
[Date "2020.06.01"]
[Round "-"]
[White "David Connolly"]
[Black "Wojtek26"]
[Result "1-0"]
[WhiteCountry "WLS"]
[BlackCountry "POL"]
[WhiteElo "2116"]
[WhiteRD "79"]
[BlackElo "1696"]
[BlackRD "60"]
[GameID "455859"]

1. d4 d5 2. c4 c6 3. Nf3 Nf6 4. Nc3 Bg4 5. Qb3 Qc7 6. Bf4 Qd8 7. Qxb7 Nbd7 8. Qxc6 Rc8 9. Qb5 Rb8 10. Bxb8 Bxf3
11. exf3 Qxb8 12. Qxb8+ Nxb8 13. Nxd5 Nxd5 14. cxd5 e6 15. Rc1 Bb4+ 16. Kd1 O-O 17. dxe6 fxe6 18. Bc4 Kf7 19. a3 Be7 20. Re1
1-0

[Event "Slav Thematic"]
[Site "SchemingMind.com"]
[Date "2020.06.04"]
[Round "-"]
[White "John Hamer"]
[Black "Wojtek26"]
[Result "1-0"]
[WhiteCountry "ENG"]
[BlackCountry "POL"]
[WhiteElo "1921"]
[WhiteRD "61"]
[BlackElo "1696"]
[BlackRD "60"]
[GameID "455984"]

1. d4 d5 2. c4 c6 3. g3 e6 4. Bg2 Nf6 5. Nf3 Bb4+ 6. Bd2 Bxd2+ 7. Qxd2 O-O 8. O-O Nbd7 9. Rc1 Re8 10. e3 b6
11. a4 Bb7 12. cxd5 Nxd5 13. e4 Ne7 14. Nc3 h6 15. Rab1 Nf6 16. e5 Nd7 17. b4 Nf5 18. g4 Ne7 19. Ne4 Nc8 20. Qe3 Qe7
21. Rb3 f6 22. Qd3 f5 23. gxf5 exf5 24. Ng3 f4 25. Qc4+ Qe6 26. Qxe6+ Rxe6 27. Bh3 Re7 28. Nf5 Rf7 29. e6 Rxf5 30. Bxf5 Nf6
31. Bh3 Ne7 32. a5 b5 33. Ne5 Rd8 34. Rd1 Nfd5 35. Nf7 Rf8 36. Re1 Bc8 37. Nd6 Ba6 38. Re5 g5 39. Bg2 g4 40. Be4 g3
41. hxg3 Nf6 42. Nf5 Nxe4 43. Nxe7+
1-0

[Event "Slav Thematic"]
[Site "SchemingMind.com"]
[Date "2020.06.04"]
[Round "-"]
[White "Wojtek26"]
[Black "John Hamer"]
[Result "1-0"]
[WhiteCountry "POL"]
[BlackCountry "ENG"]
[WhiteElo "1696"]
[WhiteRD "60"]
[BlackElo "1921"]
[BlackRD "61"]
[GameID "455985"]

1. d4 d5 2. c4 c6 3. e3 Nf6 4. Nf3 Bf5 5. Be2 e6 6. O-O Nbd7 7. Nbd2 Bd6 8. a3 O-O 9. c5 Be7 10. b4 Re8
11. Bb2 Rc8 12. h3 Qc7 13. Ne5 Nf8 14. Ndf3 Ne4 15. Nd2 Red8 16. Nxe4 dxe4 17. Bc4 h6 18. f3 f6 19. Ng4 b5 20. Bb3 h5
21. Nf2 exf3 22. Qxf3 Bg6 23. a4 Rb8 24. a5 h4 25. Qg4 Bf7 26. Qxh4 Ng6 27. Qg4 f5 28. Qe2 Rd7 29. e4 Nf4 30. Qe3 Bg5
31. Qf3 Rf8 32. g3 Ng6 33. h4 Bh6 34. e5 Ne7 35. Nd3 Nd5 36. Bxd5 cxd5 37. g4 fxg4 38. Qxg4 Kh7 39. Nf4 Re8 40. Bc1 Rdd8
41. Nh3 Rf8 42. Ng5+ Bxg5 43. Bxg5 Rc8 44. Qe2 Qd7= 45. h5 Kg8 46. Rf3 Be8 47. Rxf8+ Kxf8 48. Rf1+ Kg8 49. Qh2 a6 50. h6 Bg6
51. hxg7 Qxg7 52. Bh6 Qb7 53. Qg3 Kh7 54. Rf6 Bf5 55. Bf8 Kh8 56. Qh4+ Qh7 57. Rh6
1-0

[Event "Slav Thematic"]
[Site "SchemingMind.com"]
[Date "2020.06.04"]
[Round "-"]
[White "David Connolly"]
[Black "John Hamer"]
[Result "1-0"]
[WhiteCountry "WLS"]
[BlackCountry "ENG"]
[WhiteElo "2119"]
[WhiteRD "78"]
[BlackElo "1964"]
[BlackRD "58"]
[GameID "455987"]

1. d4 d5 2. c4 c6 3. Nf3 dxc4 4. e3 Be6 5. Nbd2 b5 6. a4 Qa5 7. g3 Bg4 8. Bg2 Nf6 9. O-O e6 10. Qc2 Bf5
11. e4 Bg6 12. Ne5 Bb4 13. f4 O-O 14. h3 Rd8 15. f5 Bh5 16. g4 Qb6 17. Ndf3 Rd5 18. exd5
1-0

[Event "Slav Thematic"]
[Site "SchemingMind.com"]
[Date "2020.06.05"]
[Round "-"]
[White "John Hamer"]
[Black "dmlowrey"]
[Result "1-0"]
[WhiteCountry "ENG"]
[BlackCountry "USA"]
[WhiteElo "1921"]
[WhiteRD "61"]
[BlackElo "1570"]
[BlackRD "91"]
[GameID "456070"]

1. d4 d5 2. c4 c6 3. g3 Nf6 4. Bg2 Bf5 5. Nc3 e6 6. Nf3 Nbd7 7. O-O dxc4 8. Nh4 Bg6 9. Nxg6 hxg6 10. e4 Bb4
11. Qe2 b5 12. a4 Bxc3 13. bxc3 Nb6 14. a5 Na4 15. Bd2 Qxa5 16. e5 Nd5 17. Be4 Ndxc3 18. Bxc6+ Ke7 19. Qf3 Rab8 20. Rfc1 Qc7
21. Bxc3 Nxc3 22. Rxc3 f5 23. exf6+ gxf6 24. Rca3 Kd6 25. Rxa7 Qxc6 26. R1a6 Rb6 27. Qxf6 Rxa6 28. Qe5#
1-0

[Event "Slav Thematic"]
[Site "SchemingMind.com"]
[Date "2020.06.05"]
[Round "-"]
[White "dmlowrey"]
[Black "John Hamer"]
[Result "1/2-1/2"]
[WhiteCountry "USA"]
[BlackCountry "ENG"]
[WhiteElo "1577"]
[WhiteRD "76"]
[BlackElo "1964"]
[BlackRD "58"]
[GameID "456071"]

1. d4 d5 2. c4 c6 3. Nc3 Nf6 4. Nf3 Bf5 5. cxd5 cxd5 6. Bf4 Nc6 7. e3 e6 8. Bb5 Nd7 9. O-O Be7 10. Bxc6 bxc6
11. Ne5 Nxe5 12. Bxe5 O-O 13. Qf3 f6 14. Bg3 Re8 15. Ne2 Be4 16. Qg4 f5 17. Qf4 Bd3 18. Rfe1 g5 19. Qf3 Rc8 20. Qh5 Bb5
21. Be5 Bf6 22. Nc3 Rf8 23. Nxb5 cxb5 24. Rac1 Qe7 25. f4 gxf4 26. exf4 Qg7 27. Rc3 Qe7 28. Rec1 Rc4= 29. Rg3+ Kh8 30. Rf1 Rc2
31. Rh3 Rxb2 32. Bxf6+ Rxf6 33. Rc1 Rf8 34. Qh6 Rxa2= 35. Rc7 Ra1+ 36. Kf2 Ra2+ 37. Kg1 Ra1+=
1/2-1/2

[Event "Slav Thematic"]
[Site "SchemingMind.com"]
[Date "2020.06.06"]
[Round "-"]
[White "dmlowrey"]
[Black "Wojtek26"]
[Result "0-1"]
[WhiteCountry "USA"]
[BlackCountry "POL"]
[WhiteElo "1577"]
[WhiteRD "76"]
[BlackElo "1644"]
[BlackRD "61"]
[GameID "456072"]

1. d4 d5 2. c4 c6 3. Nc3 Nf6 4. Nf3 e6 5. cxd5 Nxd5 6. e4 Nxc3 7. bxc3 Be7 8. Bd3 O-O 9. O-O Nd7 10. e5 Nb6
11. Qc2 g6 12. Bh6 Re8 13. a4 Nd5 14. h4 Bxh4 15. g3 Be7 16. Be4 Bd7 17. Kg2 f5 18. Bxd5 exd5 19. Rae1 Be6 20. Rh1 Bf8
21. Rh4 Bxh6 22. Rxh6 Re7 23. Reh1 Rg7 24. Ng5 Qxg5 25. Qc1 Qxc1 26. Rxc1 b5 27. axb5 cxb5 28. Rb1 a6 29. Kf3 Rb7 30. Ke3 a5
31. Kd3 Kg7 32. Rhh1 a4 33. f4 Bd7 34. Rh2 a3 35. Kc2 Rab8 36. Kb3 b4 37. Rbh1 h5 38. g4 fxg4 39. f5 bxc3+ 40. Kxc3 Rb3+
41. Kd2 Rb2+ 42. Ke3 R8b3+ 43. Kf4 Rf3+ 44. Kg5 Rxf5+ 45. Kh4 Rb3 46. e6 Kh6
0-1

[Event "Slav Thematic"]
[Site "SchemingMind.com"]
[Date "2020.06.06"]
[Round "-"]
[White "Wojtek26"]
[Black "dmlowrey"]
[Result "0-1"]
[WhiteCountry "POL"]
[BlackCountry "USA"]
[WhiteElo "1644"]
[WhiteRD "61"]
[BlackElo "1577"]
[BlackRD "76"]
[GameID "456073"]

1. d4 d5 2. c4 c6 3. e3 Nf6 4. Nf3 Bf5 5. Be2 Nbd7 6. O-O e6 7. Nbd2 Nb6 8. c5 Nbd7 9. a3 Be7 10. b4 O-O
11. Bb2 Qc7 12. h3 b6 13. cxb6 axb6 14. Ne5 Nxe5 15. dxe5 Ne4 16. Nxe4 Bxe4 17. Bf3 Bg6 18. Rc1 Rfd8 19. Qd4 c5 20. bxc5 bxc5
21. Qd2 Qb6 22. Rb1 Bxb1 23. Rxb1 Rdc8 24. Qc2 Rab8 25. Be2 c4 26. Qc3 Qb3 27. Qxb3 Rxb3 28. Bd1 Rb5 29. a4 Rb4 30. Bc2 Rcb8
31. Ra1 Rxb2 32. Bd1 Rb1
0-1

[Event "Slav Thematic"]
[Site "SchemingMind.com"]
[Date "2020.06.05"]
[Round "-"]
[White "dmlowrey"]
[Black "David Connolly"]
[Result "0-1"]
[WhiteCountry "USA"]
[BlackCountry "WLS"]
[WhiteElo "1575"]
[WhiteRD "73"]
[BlackElo "2051"]
[BlackRD "72"]
[GameID "456074"]

1. d4 d5 2. c4 c6 3. Nc3 e6 4. Nf3 Nf6 5. e3 Nbd7 6. c5 Be7 7. Bd3 O-O 8. O-O b6 9. b4 a5 10. b5 Bb7
11. e4 dxe4 12. Bxe4 Nxe4 13. Nxe4 bxc5 14. bxc6 Bxc6 15. Re1 Qc7 16. Ba3 Bxe4 17. Rxe4 Nf6 18. Re1 cxd4 19. Bxe7 Qxe7 20. Qxd4 Rfd8
21. Qa4 Nd5 22. Rac1 Qb4 23. Qxb4 axb4 24. Ra1 Nc3 25. h3 Rxa2 26. Ne5 Rxa1 27. Rxa1 Rd1+ 28. Rxd1 Nxd1 29. Kf1 b3 30. Nc4 b2
31. Nd2 Nc3 32. Ke1 b1=Q+ 33. Nxb1 Nxb1 34. Ke2 Nc3+ 35. Kf3 f6 36. g4 g5 37. Kg3 Ne4+ 38. Kf3 f5 39. Ke3 Kg7 40. f4 h6
41. fxg5 hxg5 42. gxf5 exf5 43. Ke2 Kg6 44. Kf1 Kh5 45. Kg2 Kh4 46. Kh2 Nf2
0-1

[Event "Slav Thematic"]
[Site "SchemingMind.com"]
[Date "2020.06.06"]
[Round "-"]
[White "David Connolly"]
[Black "dmlowrey"]
[Result "1-0"]
[WhiteCountry "WLS"]
[BlackCountry "USA"]
[WhiteElo "2051"]
[WhiteRD "72"]
[BlackElo "1575"]
[BlackRD "73"]
[GameID "456075"]

1. d4 d5 2. c4 c6 3. Nf3 Nf6 4. Nc3 Bf5 5. cxd5 cxd5 6. Qb3 Qc8 7. Bf4 Nc6 8. Nxd5 Nxd5 9. Qxd5 e6 10. Qb3 Bb4+
11. Kd1 Qd7 12. e3 f6 13. Bb5 O-O 14. Bxc6 Qxc6 15. Rc1 Qb6 16. a3 Ba5 17. Qxb6 Bxb6 18. Bc7 Bxc7 19. Rxc7 Rac8 20. Rc3 Rxc3
21. bxc3 Rc8 22. Kd2 Rd8 23. c4 e5 24. Kc3 exd4+ 25. exd4 Be4 26. Re1 Bxf3 27. gxf3 Kf7 28. d5 a6 29. Re6 b6 30. Rxb6 Ra8
31. c5 Ke7 32. Rb7+ Kd8 33. Rxg7 Rc8 34. Rg8+ Kd7 35. Rxc8 Kxc8 36. Kd4 Kc7 37. d6+ Kc6 38. Ke4 Kd7 39. Kf5
1-0

[Event "Slav Thematic"]
[Site "SchemingMind.com"]
[Date "2020.06.06"]
[Round "-"]
[White "John Hamer"]
[Black "Chessibelle"]
[Result "1-0"]
[WhiteCountry "ENG"]
[BlackCountry "ENG"]
[WhiteElo "1921"]
[WhiteRD "61"]
[BlackElo "1078"]
[BlackRD "51"]
[GameID "456127"]

1. d4 d5 2. c4 c6 3. Nf3 Nf6 4. Nc3 e6 5. e3 Be7 6. Bd3 g6 7. O-O O-O 8. Re1 b6 9. e4 Qd6 10. e5 Qc7
11. exf6 Bxf6 12. Bh6 Re8 13. Rc1 Nd7 14. Qd2 Bg7 15. h4 f6 16. Bf4 Qd8 17. cxd5 cxd5 18. Qe3 Kf7 19. Nb5 Rh8 20. Qxe6+ Kf8
21. Bd6+
1-0

[Event "Slav Thematic"]
[Site "SchemingMind.com"]
[Date "2020.06.06"]
[Round "-"]
[White "Chessibelle"]
[Black "John Hamer"]
[Result "0-1"]
[WhiteCountry "ENG"]
[BlackCountry "ENG"]
[WhiteElo "1078"]
[WhiteRD "51"]
[BlackElo "1921"]
[BlackRD "61"]
[GameID "456128"]

1. d4 d5 2. c4 c6 3. e3 Nf6 4. Nf3 Bf5 5. Nbd2 e6 6. Be2 Nbd7 7. O-O Bd6 8. Re1 O-O 9. b3 h6 10. h3 Rc8
11. Nh4 Re8 12. f4 b6 13. a3 Bh7 14. Rf1 Kh8 15. Bf3 g5 16. fxg5 hxg5 17. Qe1 gxh4 18. Qxh4 Qc7 19. Qe1 Bd3 20. Qh4+ Kg7
21. Bh5 Bxf1 22. Nxf1 Ne4 23. Qg4+ Kf8 24. Ng3 Bxg3 25. Bb2 Bh2+ 26. Kf1 Ndf6 27. Qh4 Bg3
0-1

[Event "Slav Thematic"]
[Site "SchemingMind.com"]
[Date "2020.06.06"]
[Round "-"]
[White "Chessibelle"]
[Black "dmlowrey"]
[Result "0-1"]
[WhiteCountry "ENG"]
[BlackCountry "USA"]
[WhiteElo "1078"]
[WhiteRD "51"]
[BlackElo "1570"]
[BlackRD "91"]
[GameID "456129"]

1. d4 d5 2. c4 c6 3. e3 Nf6 4. Nf3 Bf5 5. Nc3 Nbd7 6. Be2 dxc4 7. Bxc4 e6 8. Bd2 Qb6 9. Na4 Qc7 10. O-O b5
11. Bb3 bxa4 12. Bc4 Ng4 13. g3 c5 14. Ng5 Bd6 15. b3 axb3 16. Bxb3 h5 17. f4 h4 18. Bc4 hxg3 19. Qf3 Nxh2 20. Qxg3 Nxf1
21. Rxf1 cxd4 22. Bb3 dxe3 23. Bxe3 f6 24. Kf2 fxg5 25. Qxg5 Bc5 26. Qxg7 O-O-O 27. Ke2 Bxe3 28. Bd1 Bb6 29. Bb3 Rh2+ 30. Ke1 Qc1+
31. Bd1 Qd2#
0-1

[Event "Slav Thematic"]
[Site "SchemingMind.com"]
[Date "2020.06.07"]
[Round "-"]
[White "dmlowrey"]
[Black "Chessibelle"]
[Result "1-0"]
[WhiteCountry "USA"]
[BlackCountry "ENG"]
[WhiteElo "1570"]
[WhiteRD "91"]
[BlackElo "1078"]
[BlackRD "51"]
[GameID "456130"]

1. d4 d5 2. c4 c6 3. Nc3 g6 4. Nf3 e6 5. e3 Ne7 6. cxd5 cxd5 7. e4 Bg7 8. Bd3 Nbc6 9. O-O O-O 10. Bf4 b6
11. exd5 exd5 12. Re1 f6 13. Qe2 f5 14. Bb5 Re8 15. Bxc6 Bd7 16. Bxa8 Bf6 17. Bb7 Kg7 18. Nb5 Nc6 19. Qd2 h5 20. Bc7 Rxe1+
21. Rxe1 Qh8 22. Bxc6 Bxc6 23. a4 a6 24. Re6 Bd7 25. Rxf6 Kxf6 26. Qg5+ Ke6 27. Qxg6+ Ke7 28. Ne5 Be6 29. Nc6+ Kd7 30. Ne5+ Kc8
31. Qxe6+ Kb7 32. Qxb6+ Kc8 33. Qb8#
1-0

[Event "Slav Thematic"]
[Site "SchemingMind.com"]
[Date "2020.06.06"]
[Round "-"]
[White "Chessibelle"]
[Black "Wojtek26"]
[Result "0-1"]
[WhiteCountry "ENG"]
[BlackCountry "POL"]
[WhiteElo "1078"]
[WhiteRD "51"]
[BlackElo "1696"]
[BlackRD "60"]
[GameID "456131"]

1. d4 d5 2. c4 c6 3. e3 Nf6 4. Nf3 e6 5. Be2 Be7 6. O-O O-O 7. Nc3 c5 8. g3 Nc6 9. a3 Bd7 10. Bd2 cxd4
11. exd4 a6 12. Bd3 dxc4 13. Bxc4 b5 14. Bd3 Rc8 15. Ne4 Be8 16. Nfg5 h6 17. Nh3 Bd7 18. Nf4 Nxd4 19. Bc3 e5 20. Ne2 Bh3
21. Re1 Nf3+ 22. Kh1 Ng4 23. Ng1 Rxc3 24. Nxc3 Nxe1 25. Qe2 Bg2#
0-1

[Event "Slav Thematic"]
[Site "SchemingMind.com"]
[Date "2020.06.06"]
[Round "-"]
[White "Wojtek26"]
[Black "Chessibelle"]
[Result "1-0"]
[WhiteCountry "POL"]
[BlackCountry "ENG"]
[WhiteElo "1696"]
[WhiteRD "60"]
[BlackElo "1078"]
[BlackRD "51"]
[GameID "456132"]

1. d4 d5 2. c4 c6 3. e3 Nf6 4. Nf3 g6 5. Be2 e6 6. O-O Be7 7. Nbd2 O-O 8. a3 a6 9. b4 b5 10. c5 Nbd7
11. Ne5 Qe8 12. Ndf3 Kg7 13. Qd2 Ne4 14. Qc2 Bb7 15. Nd2 Nxe5 16. dxe5 f6 17. exf6+ Bxf6 18. Bb2 e5 19. Nxe4 Be7 20. f4 Bd8
21. Bxe5+ Kg8 22. Nd6 Qe7 23. Bg4 Rb8 24. Rae1 h5 25. Qxg6+
1-0

[Event "Slav Thematic"]
[Site "SchemingMind.com"]
[Date "2020.06.08"]
[Round "-"]
[White "Chessibelle"]
[Black "David Connolly"]
[Result "0-1"]
[WhiteCountry "ENG"]
[BlackCountry "WLS"]
[WhiteElo "1078"]
[WhiteRD "51"]
[BlackElo "2116"]
[BlackRD "79"]
[GameID "456133"]

1. d4 d5 2. c4 c6 3. e3 Nf6 4. Nf3 Bf5 5. Nc3 e6 6. g3 Nbd7 7. Be2 Bd6 8. O-O h6 9. a3 O-O 10. b3 a6
11. b4 dxc4 12. Bxc4 Qe7 13. Qb3 Rfd8 14. Re1 b5 15. Bd3 Bxd3 16. Qd1 Be4 17. Qe2 a5 18. Bb2 axb4 19. axb4 Bxb4 20. Rac1 Bxf3
21. Qxf3 c5 22. Red1 Bxc3 23. Bxc3 e5 24. Re1 e4 25. Qe2 c4 26. f3 exf3 27. Qxf3 Ne4 28. Bb2 Ndf6 29. Kf1 Nd2+
0-1

[Event "Slav Thematic"]
[Site "SchemingMind.com"]
[Date "2020.06.07"]
[Round "-"]
[White "David Connolly"]
[Black "Chessibelle"]
[Result "1-0"]
[WhiteCountry "WLS"]
[BlackCountry "ENG"]
[WhiteElo "2116"]
[WhiteRD "79"]
[BlackElo "1078"]
[BlackRD "51"]
[GameID "456134"]

1. d4 d5 2. c4 c6 3. Nf3 Nf6 4. Nc3 g6 5. e3 e6 6. Bd3 Be7 7. O-O O-O 8. Qe2 Nbd7 9. Bd2 a6 10. c5 b6
11. b4 Ng4 12. h3 Nh6 13. e4 f5 14. Bxh6 Rf7 15. exf5 exf5 16. Bf4 Nf6 17. Ne5 Rf8 18. Nxc6 Qd7 19. Nxe7+ Kf7 20. Bd6 Bb7
21. Rfe1 Rfe8 22. Qc2 Kg7 23. Na4 b5 24. Nb6 Qd8 25. Nxa8 Bxa8 26. a4 Bb7 27. axb5 Ng8 28. Nxg8 Rxg8 29. Re7+ Kf6 30. Rxb7 Qe8
31. Rxa6 g5 32. Be5#
1-0

[Event "Slav Thematic"]
[Site "SchemingMind.com"]
[Date "2020.06.07"]
[Round "-"]
[White "John Hamer"]
[Black "ray winteringham"]
[Result "1-0"]
[WhiteCountry "ENG"]
[BlackCountry "ENG"]
[WhiteElo "1921"]
[WhiteRD "61"]
[BlackElo "1475"]
[BlackRD "50"]
[GameID "456143"]

1. d4 d5 2. c4 c6 3. Nf3 h6 4. Nc3 Nf6 5. e3 Bf5 6. cxd5 cxd5 7. Qb3 Qd7 8. Bd2 e6 9. Ne5 Qe7 10. Qb5+ Kd8
11. Na4 b6 12. Be2 Nfd7 13. O-O Nxe5 14. dxe5 Qd7 15. Qb3 Nc6 16. f4 g6 17. Rac1 Be7 18. g4 Be4 19. Nc3 Na5 20. Qd1 Qb7
21. b4 Nc6 22. b5 Na5 23. Nxe4 dxe4 24. Bxa5+ Qd7 25. Qa4 bxa5 26. Rfd1
1-0

[Event "Slav Thematic"]
[Site "SchemingMind.com"]
[Date "2020.06.06"]
[Round "-"]
[White "ray winteringham"]
[Black "John Hamer"]
[Result "0-1"]
[WhiteCountry "ENG"]
[BlackCountry "ENG"]
[WhiteElo "1475"]
[WhiteRD "50"]
[BlackElo "1921"]
[BlackRD "61"]
[GameID "456144"]

1. d4 d5 2. c4 c6 3. g3 g6 4. Bg2 Bg7 5. Nc3 Nf6 6. Nf3 O-O 7. O-O dxc4 8. e4 b5 9. e5 Ne8 10. Be3 Bd7
11. Nh4 Na6 12. a3 Rc8 13. f4 Nec7 14. b4 e6 15. Qc2 Re8 16. Qe2 Nd5 17. Nxd5 exd5 18. a4 Nxb4 19. axb5 cxb5 20. Rxa7 Nc6
21. Raa1 Qe7 22. Bxd5 Be6 23. Qf3 Nb4 24. Bb7 Rc7 25. Be4 Bh3 26. Rfb1 f5 27. Bd5+ Kh8 28. Ba8 Bg4 29. Qg2 Ra7 30. Rxa7 Qxa7
31. Bc6 Nxc6 32. Rxb5 Nxd4 33. Rd5 Nf3+ 34. Nxf3 Qxe3+ 35. Qf2 Qe4
0-1

[Event "Slav Thematic"]
[Site "SchemingMind.com"]
[Date "2020.06.06"]
[Round "-"]
[White "ray winteringham"]
[Black "Chessibelle"]
[Result "1-0"]
[WhiteCountry "ENG"]
[BlackCountry "ENG"]
[WhiteElo "1475"]
[WhiteRD "50"]
[BlackElo "1078"]
[BlackRD "51"]
[GameID "456145"]

1. d4 d5 2. c4 c6 3. c5 Nf6 4. e3 Nbd7 5. Be2 g6 6. Nf3 e6 7. O-O Be7 8. b4 O-O 9. Bb2 b6 10. Nc3 Ng4
11. h3 Nh6 12. g4 f5 13. Nh2 Qc7 14. Qd2 Qd8 15. f4 Qe8 16. g5 Nf7 17. a4 Kg7 18. a5 Bb7 19. a6 Bc8 20. b5 Rh8
21. bxc6 h6 22. cxd7 Qxd7 23. Bb5 Qd8 24. c6 hxg5 25. Qg2 Rh5 26. Kh1 g4 27. Rg1 Rxh3 28. e4 dxe4 29. Rad1 Qd6 30. Bf1 Qxf4
31. d5 Ng5 32. Ne2+ Kf7 33. Nxf4 Rb8 34. Nxh3 gxh3 35. d6
1-0

[Event "Slav Thematic"]
[Site "SchemingMind.com"]
[Date "2020.06.07"]
[Round "-"]
[White "Chessibelle"]
[Black "ray winteringham"]
[Result "0-1"]
[WhiteCountry "ENG"]
[BlackCountry "ENG"]
[WhiteElo "1078"]
[WhiteRD "51"]
[BlackElo "1475"]
[BlackRD "50"]
[GameID "456146"]

1. d4 d5 2. c4 c6 3. Nf3 Bg4 4. e3 Nf6 5. Be2 e6 6. Bd2 Bxf3 7. Bxf3 dxc4 8. Bc3 Bd6 9. g3 Nbd7 10. O-O b5
11. Nd2 O-O 12. b3 b4 13. Nxc4 bxc3 14. Qc2 Rc8 15. Qxc3 Nd5 16. Qd3 N7f6 17. Qe2 Nc3 18. Qd2 Ncd5 19. Bg2 Bb4 20. Qc2 c5
21. Bf3 cxd4 22. exd4 Nb6 23. Qd3 h6 24. Bd1 Bc5 25. Qd2= Bxd4 26. Rc1 Be5 27. Nxe5 Qxd2
0-1

[Event "Slav Thematic"]
[Site "SchemingMind.com"]
[Date "2020.06.06"]
[Round "-"]
[White "ray winteringham"]
[Black "dmlowrey"]
[Result "1-0"]
[WhiteCountry "ENG"]
[BlackCountry "USA"]
[WhiteElo "1520"]
[WhiteRD "50"]
[BlackElo "1577"]
[BlackRD "76"]
[GameID "456147"]

1. d4 d5 2. c4 c6 3. g3 Nf6 4. Bg2 Bf5 5. Nc3 Nbd7 6. c5 e5 7. e3 e4 8. Nge2 b6 9. b4 bxc5 10. bxc5 Be7
11. O-O O-O 12. Bd2 Rb8 13. Rb1 Rxb1 14. Qxb1 Qb8 15. Bh1 Bh3 16. Re1 Ng4 17. Nf4 Qxb1 18. Rxb1 f5 19. Nxh3 Rb8 20. Rxb8+ Nxb8
21. Bg2 h6 22. Nf4 Kf7 23. Bh3 g5 24. Nfe2 Nf6 25. Bxf5 Nbd7 26. Bxd7 Nxd7 27. Nc1 Ke6 28. Nb3 Nf6 29. Na5 Kd7 30. Kg2 Ng4
31. h3 Nf6 32. f3 exf3+ 33. Kxf3 Bd8 34. Ne2 Bxa5 35. Bxa5 Kc8 36. h4 gxh4 37. gxh4 Ne4 38. Nf4 Kb7 39. a3 Ka6 40. Bb4 Kb5=
41. Ne6 Ka6 42. Kf4 Kb7 43. Kg4 Nf6+ 44. Kf5 Ng8 45. Be1 Ka6 46. a4 Ne7+ 47. Kf6 Ng8+ 48. Kf7 Nf6 49. Kxf6 h5 50. Kg5 Kb7
51. Kxh5 Kc8 52. Kg6 Kd7 53. Kf7 a6 54. h5 Kc8 55. h6
1-0

[Event "Slav Thematic"]
[Site "SchemingMind.com"]
[Date "2020.06.07"]
[Round "-"]
[White "dmlowrey"]
[Black "ray winteringham"]
[Result "1-0"]
[WhiteCountry "USA"]
[BlackCountry "ENG"]
[WhiteElo "1570"]
[WhiteRD "91"]
[BlackElo "1475"]
[BlackRD "50"]
[GameID "456148"]

1. d4 d5 2. c4 c6 3. Nc3 h6 4. Nf3 Bg4 5. Qb3 b6 6. Ne5 Be6 7. Qa4 Qc7 8. cxd5 Bd7 9. dxc6 Nxc6 10. Nxc6 Bxc6
11. Qc2 Qb7 12. e4 e6 13. Be3 Bb4 14. O-O-O Bxc3 15. Qxc3 Bxe4 16. Bb5+ Ke7 17. Qb4+ Kf6 18. d5 Rc8+ 19. Bc6 exd5 20. Qd6+ Kf5
21. Rxd5+ Bxd5 22. g4+ Kxg4 23. Rg1+
1-0

[Event "Slav Thematic"]
[Site "SchemingMind.com"]
[Date "2020.06.06"]
[Round "-"]
[White "ray winteringham"]
[Black "Wojtek26"]
[Result "1-0"]
[WhiteCountry "ENG"]
[BlackCountry "POL"]
[WhiteElo "1520"]
[WhiteRD "50"]
[BlackElo "1644"]
[BlackRD "61"]
[GameID "456149"]

1. d4 d5 2. c4 c6 3. g3 e6 4. Bg2 Nf6 5. c5 Be7 6. e3 O-O 7. Ne2 b6 8. b4 b5 9. Nbc3 a5 10. Ba3 a4
11. Qd3 Nbd7 12. Bb2 Qc7 13. a3 Re8 14. O-O-O Nf8 15. h3 h6 16. g4 N6d7 17. f4 Bh4 18. Rdf1 Nh7 19. e4 Ndf6 20. e5 Nd7
21. Qf3 f6 22. Ng3 fxe5 23. dxe5 Rf8 24. Nce2 Ng5 25. Qe3 Nf7 26. Qc3 Bb7 27. Nh5 Nh8 28. f5 exf5 29. e6 Nf6 30. Nef4 Nxh5
31. Nxh5 Bg5+ 32. Kb1 Qe7 33. Nxg7 Bf6 34. Qc2 Bxg7 35. Re1 Bxb2 36. Qxb2 Qf6 37. e7 Qxb2+ 38. Kxb2 Rfe8 39. gxf5 Bc8 40. Rhg1 Kh7
41. f6 Nf7 42. Bxd5 Ng5 43. Bxc6 Bf5 44. Rxg5
1-0

[Event "Slav Thematic"]
[Site "SchemingMind.com"]
[Date "2020.06.07"]
[Round "-"]
[White "Wojtek26"]
[Black "ray winteringham"]
[Result "0-1"]
[WhiteCountry "POL"]
[BlackCountry "ENG"]
[WhiteElo "1644"]
[WhiteRD "61"]
[BlackElo "1520"]
[BlackRD "50"]
[GameID "456150"]

1. d4 d5 2. c4 c6 3. e3 Nf6 4. Nf3 Bg4 5. Be2 Bxf3 6. Bxf3 e6 7. O-O Bd6 8. Nd2 Nbd7 9. a3 Qc7 10. g3 a6
11. c5 Be7 12. b4 O-O 13. Bb2 b5 14. cxb6 Nxb6 15. Rc1 Rac8 16. Qc2 h6 17. Bg2 Qd7 18. Nf3 Rc7 19. Ne5 Qd6 20. Qd3 Ra8
21. Qb3 Nh7 22. Rc2 Bf6 23. f4 Rf8 24. Rfc1 Bxe5 25. fxe5 Qd7 26. Bh3 Ng5 27. Bg2 Rb8 28. Rf1 Nc4 29. Rcf2 c5 30. dxc5 Rxc5
31. Qa2 Nxe3 32. Re1 Nxg2 33. Kxg2 Rc4 34. Ref1 Ne4 35. Rxf7 Rc2+ 36. Kg1 Qb5 37. Re7 Rxh2 38. Kxh2 Qxf1 39. Bd4 Rf8 40. Qg2 Qd3
41. Bc5 d4 42. Rxg7+ Kxg7 43. Bxf8+ Kxf8 44. a4 Qd2
0-1

[Event "Slav Thematic"]
[Site "SchemingMind.com"]
[Date "2020.06.08"]
[Round "-"]
[White "ray winteringham"]
[Black "David Connolly"]
[Result "0-1"]
[WhiteCountry "ENG"]
[BlackCountry "WLS"]
[WhiteElo "1520"]
[WhiteRD "50"]
[BlackElo "2119"]
[BlackRD "78"]
[GameID "456151"]

1. d4 d5 2. c4 c6 3. g3 Nf6 4. Bg2 Bf5 5. Bg5 e6 6. a3 Nbd7 7. Nf3 Be7 8. c5 b6 9. cxb6 axb6 10. Nbd2 c5
11. O-O O-O 12. Re1 Ne4 13. Bxe7 Qxe7 14. e3 g5 15. Kh1 Nxf2+
0-1

[Event "Slav Thematic"]
[Site "SchemingMind.com"]
[Date "2020.06.07"]
[Round "-"]
[White "David Connolly"]
[Black "ray winteringham"]
[Result "1-0"]
[WhiteCountry "WLS"]
[BlackCountry "ENG"]
[WhiteElo "2119"]
[WhiteRD "78"]
[BlackElo "1520"]
[BlackRD "50"]
[GameID "456152"]

1. d4 d5 2. c4 c6 3. Nf3 Nf6 4. Nc3 Bg4 5. e3 e6 6. h3 Bxf3 7. Qxf3 Be7 8. Bd3 Nbd7 9. O-O Qc7 10. e4 dxe4
11. Nxe4 h6 12. Be3 O-O-O 13. Nc3 Bb4 14. Rfc1 Bxc3 15. Rxc3 Nb6 16. a4 Nbd7 17. a5 a6 18. Bf1 Rhf8 19. b4 Kb8 20. b5 cxb5
21. cxb5 Qxc3 22. Bf4+ Qc7 23. Bxc7+ Kxc7 24. bxa6 bxa6 25. Qc3+
1-0